000 00502nam a2200169Ia 4500
999 _c35013
_d35013
003 OSt
005 20200602154651.0
008 190216s9999||||xx |||||||||||||| ||und||
020 _a9788189013059
040 _coclc
082 _a954.16
_bGIL/P
100 _aGill, Preeti
_92333
245 4 _aThe Peripheral Centre :
_b Voices From India`s Northeast /
_cPreeti Gill
260 _bZabaan,
_c2011.
_aNew Delhi:
300 _a398p
942 _cBK
_2ddc
_h954.16
_iGIL/P
_k954.16
_mGIL/P